[Event "Zaragoza Artistica op"]
[Site "Zaragoza"]
[Date "2013.04.14"]
[Round "2"]
[White "Gonzalez Marco, Miguel"]
[Black "Domingo Romance, Agustin"]
[Result "0-1"]
[WhiteElo "1535"]
[BlackElo "1748"]
[PlyCount "92"]
[EventDate "2013.04.13"]
[EventType "swiss"]
[EventRounds "9"]
[EventCountry "ESP"]
[SourceTitle "CBM 154 Extra"]
[Source "ChessBase"]
[SourceDate "2013.06.25"]
[SourceVersion "2"]
[SourceVersionDate "2013.06.25"]
[SourceQuality "1"]

1. d4 d5 2. c4 e6 3. Nc3 Nf6 4. e3 Be7 5. Nf3 c6 6. Bd3 dxc4 7. Bxc4 0-0 8. 0-0 Nbd7 9. Re1 Nd5 10. Bd2 b5 11. Bxd5 exd5 12. a3 f5 13. Qb3 Nf6 14. Ne5 Bb7 15. Rac1 Rc8 16. Na2 Ne4 17. Bb4 a5 18. Bxe7 Qxe7 19. Qd3 Nd6 20. b4 a4 21. Nc3 Nc4 22. Nxc4 dxc4 23. Qe2 Rfe8 24. Rcd1 Qf6 25. Qh5 g6 26. Qh6 Re7 27. Ne2 Rce8 28. Nf4 Re4 29. Nh5 Qe7 30. Ng3 Rh4 31. Qxh4 Qxh4 32. Ne2 Kg7 33. Nf4 Qf6 34. g3 Kf7 35. h4 h6 36. h5 gxh5 37. Nxh5 Qg5 38. Nf4 h5 39. Kg2 h4 40. Rh1 hxg3 41. Rh7+ Kf6 42. Rxb7 gxf2+ 43. Kxf2 Rh8 44. Kf3 Qg4+ 45. Kf2 Rh2+ 46. Kf1 Qf3+ 0-1

[Event "Aragon-chT Preferente B"]
[Site "Aragon"]
[Date "2013.02.16"]
[Round "4.60"]
[White "Gonzalez Marco, Miguel"]
[Black "Garcia Valer, Jesus Victoriano"]
[Result "0-1"]
[WhiteElo "1535"]
[BlackElo "1883"]
[PlyCount "42"]
[EventDate "2013.01.26"]
[EventType "team"]
[EventRounds "9"]
[EventCountry "ESP"]
[SourceTitle "EXT 2014"]
[Source "ChessBase"]
[SourceDate "2013.11.20"]
[SourceVersion "1"]
[SourceVersionDate "2013.11.20"]
[SourceQuality "1"]
[WhiteTeam "El Olivar II"]
[BlackTeam "Delicias CCOO II"]
[WhiteTeamCountry "ESP"]
[BlackTeamCountry "ESP"]

1. d4 e5 2. d5 f5 3. c4 Nf6 4. Nc3 g6 5. Nf3 d6 6. Bg5 Bg7 7. Bxf6 Qxf6 8. e4 0-0 9. Bd3 Na6 10. a3 Nc5 11. 0-0 g5 12. Qe2 Nb3 13. Rae1 g4 14. Nd2 Nd4 15. Qd1 f4 16. f3 g3 17. h3 Qh4 18. Ne2 Bxh3 19. gxh3 Qxh3 20. Nxg3 Qxg3+ 21. Kh1 Rf6 0-1